[Event "Prague Mencik Memorial 6th"]
[Site "Prague"]
[Date "2023.09.24"]
[Round "3"]
[White "Shagbazyan, Taron"]
[Black "Vokoun, Jan"]
[Result "1-0"]
[WhiteElo "2426"]
[BlackElo "2067"]
[PlyCount "59"]
[EventDate "2023.09.24"]
[EventType "swiss"]
[EventRounds "9"]
[EventCountry "CZE"]
[SourceTitle "EXT 2024"]
[Source "ChessBase"]
[SourceDate "2023.10.10"]
[SourceVersion "1"]
[SourceVersionDate "2023.10.10"]
[SourceQuality "1"]

1. d4 e6 2. c4 f5 3. g3 Nf6 4. Bg2 g6 5. Nc3 Bg7 6. e4 fxe4 7. Nxe4 Nc6 8. Ne2 0-0 9. Bg5 Qe8 10. Nxf6+ Bxf6 11. Bxf6 Rxf6 12. 0-0 d6 13. Qd2 e5 14. Rae1 Bd7 15. f4 exd4 16. Nxd4 Qf8 17. Nb5 Rc8 18. Nc3 Qg7 19. Re3 Rff8 20. Rfe1 Kh8 21. Nd5 Be8 22. Ne7 Rd8 23. b3 Qd4 24. Qf2 Qf6 25. h3 Nd4 26. Nd5 Qg7 27. Re7 Bf7 28. Nxc7 Nf5 29. Ne6 Qf6 30. Rd7 1-0

[Event "Pardubice rapid op 34th"]
[Site "Pardubice"]
[Date "2023.07.20"]
[Round "8"]
[White "Kamenskyi, Dmytro"]
[Black "Vokoun, Jan"]
[Result "1-0"]
[WhiteElo "2030"]
[BlackElo "1929"]
[PlyCount "57"]
[EventDate "2023.07.19"]
[EventType "swiss (rapid)"]
[EventRounds "9"]
[EventCountry "CZE"]
[SourceTitle "CBM 215 Extra"]
[Source "ChessBase"]
[SourceDate "2023.09.30"]
[SourceVersion "1"]
[SourceVersionDate "2023.09.30"]
[SourceQuality "1"]

1. e4 c5 2. Nf3 e6 3. g3 Nc6 4. Bg2 d6 5. 0-0 Nf6 6. Re1 Be7 7. c3 0-0 8. d4 d5 9. exd5 Nxd5 10. Ne5 cxd4 11. Nxc6 bxc6 12. Qxd4 Qb6 13. Qa4 Bb7 14. Nd2 a5 15. a3 Rfd8 16. Qc2 Nf6 17. Nc4 Qa6 18. Ne5 c5 19. Bxb7 Qxb7 20. Qe2 Ra6 21. Bf4 Nd5 22. Bd2 Qxb2 23. Qxa6 Qxd2 24. Qxa5 Bf6 25. Rad1 Qxc3 26. Qxc3 Nxc3 27. Rxd8+ Bxd8 28. Kf1 Nb5 29. Rb1 1-0

[Event "Pardubice rapid op 34th"]
[Site "Pardubice"]
[Date "2023.07.20"]
[Round "6"]
[White "Nespurek, Jakub"]
[Black "Vokoun, Jan"]
[Result "0-1"]
[WhiteElo "1749"]
[BlackElo "1929"]
[PlyCount "94"]
[EventDate "2023.07.19"]
[EventType "swiss (rapid)"]
[EventRounds "9"]
[EventCountry "CZE"]
[SourceTitle "CBM 215 Extra"]
[Source "ChessBase"]
[SourceDate "2023.09.30"]
[SourceVersion "1"]
[SourceVersionDate "2023.09.30"]
[SourceQuality "1"]

1. e4 d6 2. d4 Nf6 3. Nc3 e5 4. dxe5 dxe5 5. Qxd8+ Kxd8 6. Bc4 Be6 7. Bxe6 fxe6 8. f3 Bc5 9. Nge2 a6 10. Bg5 Nc6 11. 0-0-0+ Ke7 12. Kb1 Rad8 13. Nc1 Rxd1 14. Rxd1 h6 15. Bh4 g5 16. Bg3 Nh5 17. Nd3 Bd6 18. Bf2 b6 19. Be3 Nf4 20. g3 Ng6 21. Rf1 Kd7 22. a3 Na5 23. Kc1 Nc4 24. Bd2 Nxd2 25. Kxd2 h5 26. Ne2 h4 27. g4 Rf8 28. h3 c5 29. c4 b5 30. Kc3 Ne7 31. b4 cxb4+ 32. axb4 bxc4 33. Kxc4 Nc6 34. Nc5+ Bxc5 35. Kxc5 Rb8 36. Rd1+ Kc7 37. Rb1 Rb5+ 38. Kc4 Na5+ 39. Kd3 Rb8 40. Rc1+ Nc6 41. Nc3 Rxb4 42. Ke3 Rb3 43. Kd2 Kd6 44. Rd1 Nd4 45. Ne2 Rxf3 46. Nxd4 exd4 47. Ke2 Re3+ 0-1

[Event "Pardubice rapid op 34th"]
[Site "Pardubice"]
[Date "2023.07.20"]
[Round "4"]
[White "Pulpan, Jakub"]
[Black "Vokoun, Jan"]
[Result "1-0"]
[WhiteElo "2406"]
[BlackElo "1929"]
[PlyCount "59"]
[EventDate "2023.07.19"]
[EventType "swiss (rapid)"]
[EventRounds "9"]
[EventCountry "CZE"]
[SourceTitle "CBM 215 Extra"]
[Source "ChessBase"]
[SourceDate "2023.09.30"]
[SourceVersion "1"]
[SourceVersionDate "2023.09.30"]
[SourceQuality "1"]

1. e4 c5 2. Nf3 e6 3. g3 b6 4. d4 cxd4 5. Nxd4 Bb7 6. Bg2 Nf6 7. Nc3 a6 8. 0-0 Qc7 9. Re1 d6 10. Nd5 exd5 11. exd5+ Kd8 12. Bg5 Nbd7 13. Qe2 Kc8 14. Qe8+ Qd8 15. Qe2 h6 16. Nc6 Bxc6 17. dxc6 hxg5 18. cxd7+ Kxd7 19. Qc4 Rc8 20. Qxf7+ Be7 21. Rad1 Qf8 22. Qb3 Qg8 23. Qxb6 Qc4 24. b3 Qc5 25. Qxa6 Rc7 26. Qa4+ Kd8 27. b4 Qxc2 28. Qa8+ Rc8 29. Qa5+ Rc7 30. Rc1 1-0

[Event "Pardubice rapid op 34th"]
[Site "Pardubice"]
[Date "2023.07.19"]
[Round "3"]
[White "Vokoun, Jan"]
[Black "Brida, Lukas"]
[Result "1-0"]
[WhiteElo "1929"]
[BlackElo "1785"]
[PlyCount "113"]
[EventDate "2023.07.19"]
[EventType "swiss (rapid)"]
[EventRounds "9"]
[EventCountry "CZE"]
[SourceTitle "CBM 215 Extra"]
[Source "ChessBase"]
[SourceDate "2023.09.30"]
[SourceVersion "1"]
[SourceVersionDate "2023.09.30"]
[SourceQuality "1"]

1. b3 d5 2. Bb2 Nf6 3. Nf3 e6 4. c4 Be7 5. g3 0-0 6. Bg2 c6 7. 0-0 Nbd7 8. Qc2 a5 9. a3 b6 10. d3 Bb7 11. e4 dxe4 12. dxe4 Qc7 13. e5 Ng4 14. Qe4 Nh6 15. Nbd2 c5 16. Qe2 Rad8 17. Ne4 Nb8 18. Qc2 Bxe4 19. Qxe4 Nc6 20. g4 Rd7 21. h3 Rfd8 22. Rfe1 Nd4 23. Nxd4 cxd4 24. Qd3 Bc5 25. Bc1 Bf8 26. Re4 g6 27. Bg5 Kh8 28. Bxd8 Qxd8 29. Rd1 Bc5 30. b4 axb4 31. axb4 Bxb4 32. Rxd4 Rxd4 33. Qxd4 Qxd4 34. Rxd4 Ng8 35. Kf1 Ne7 36. Ke2 g5 37. Be4 Kg7 38. Kd3 Bc5 39. Rd7 Ng6 40. Bxg6 hxg6 41. f3 Bf2 42. Rb7 Bc5 43. Ke4 Bf2 44. Kd3 Bc5 45. Kc3 Kf8 46. Kd3 Bg1 47. Ke4 Kg7 48. f4 gxf4 49. Kxf4 Bh2+ 50. Ke4 Bg1 51. g5 Bf2 52. Kf4 Bg1 53. h4 Bh2+ 54. Kg4 Bg1 55. h5 gxh5+ 56. Kxh5 Kg8 57. g6 1-0

[Event "Pardubice rapid op 34th"]
[Site "Pardubice"]
[Date "2023.07.19"]
[Round "1"]
[White "Vokoun, Jan"]
[Black "Migalko, Dmitriy"]
[Result "1-0"]
[WhiteElo "1929"]
[BlackElo "1507"]
[PlyCount "30"]
[EventDate "2023.07.19"]
[EventType "swiss (rapid)"]
[EventRounds "9"]
[EventCountry "CZE"]
[SourceTitle "CBM 215 Extra"]
[Source "ChessBase"]
[SourceDate "2023.09.30"]
[SourceVersion "1"]
[SourceVersionDate "2023.09.30"]
[SourceQuality "1"]

1. e4 c5 2. Nf3 e6 3. d4 cxd4 4. Nxd4 Nf6 5. Bd3 Nc6 6. Be3 d5 7. exd5 Nxd5 8. Nxc6 bxc6 9. Bd2 Bd6 10. Qf3 Bd7 11. a3 0-0 12. c4 Nf6 13. Nc3 h6 14. g4 Qb6 15. Rb1 Qd4 1-0

[Event "Pardubice rapid op 34th"]
[Site "Pardubice"]
[Date "2023.07.19"]
[Round "2"]
[White "Zanan, Evgeny"]
[Black "Vokoun, Jan"]
[Result "1-0"]
[WhiteElo "2481"]
[BlackElo "1929"]
[PlyCount "55"]
[EventDate "2023.07.19"]
[EventType "swiss (rapid)"]
[EventRounds "9"]
[EventCountry "CZE"]
[SourceTitle "CBM 215 Extra"]
[Source "ChessBase"]
[SourceDate "2023.09.30"]
[SourceVersion "1"]
[SourceVersionDate "2023.09.30"]
[SourceQuality "1"]

1. e4 c5 2. Nf3 Nc6 3. d4 cxd4 4. Nxd4 Qb6 5. Nb3 Nf6 6. Bd3 e6 7. 0-0 d5 8. exd5 Nxd5 9. c4 Nf6 10. Nc3 Be7 11. Be3 Qc7 12. Nb5 Qb8 13. Qe2 a6 14. N5d4 Bd7 15. Nxc6 bxc6 16. Bc5 Bxc5 17. Nxc5 Qd6 18. b4 h5 19. Rad1 Ra7 20. Be4 Qc7 21. Qf3 Ng4 22. g3 Ne5 23. Qg2 Bc8 24. f4 Nxc4 25. Qe2 Nd6 26. f5 exf5 27. Bxc6+ Kf8 28. Rxd6 1-0

[Event "CZE-chT2B 2223"]
[Site "Czech Republic"]
[Date "2023.03.05"]
[Round "10.7"]
[White "Vokoun, Jan"]
[Black "Jirka, Jiri"]
[Result "0-1"]
[WhiteElo "2014"]
[BlackElo "2390"]
[PlyCount "82"]
[EventDate "2022.10.16"]
[EventType "team-tourn"]
[EventRounds "11"]
[EventCountry "CZE"]
[SourceTitle "EXT 2024"]
[Source "ChessBase"]
[SourceDate "2023.10.10"]
[SourceVersion "1"]
[SourceVersionDate "2023.10.10"]
[SourceQuality "1"]
[WhiteTeam "Pankrac II"]
[BlackTeam "Bohemians"]
[WhiteTeamCountry "CZE"]
[BlackTeamCountry "CZE"]

1. Nf3 d5 2. g3 Nf6 3. Bg2 c6 4. b3 Bf5 5. Ba3 Nbd7 6. c4 g6 7. Nd4 Be4 8. Nf3 Bg7 9. Bb2 0-0 10. 0-0 Bxf3 11. Bxf3 e5 12. Bg2 Re8 13. cxd5 cxd5 14. b4 Nb6 15. d3 Qd7 16. a4 a5 17. b5 d4 18. Qb3 Nfd5 19. Re1 Rac8 20. e3 dxe3 21. fxe3 Nb4 22. Nc3 Qxd3 23. Bxb7 Qc4 24. Ra3 Rc7 25. Be4 f5 26. Bb1 e4 27. Nd1 Qxb3 28. Rxb3 Nxa4 29. Bxg7 Kxg7 30. Ra3 Rc1 31. Rf1 Nb6 32. Nc3 Rxf1+ 33. Kxf1 Nc4 34. Ra4 Nxe3+ 35. Ke2 Ned5 36. Nxd5 Nxd5 37. Rc4 Rb8 38. Ba2 Rxb5 39. Rc2 Kh6 40. g4 Nb4 41. Rb2 Nxa2 0-1

[Event "CZE-chT2B 2223"]
[Site "Czech Republic"]
[Date "2023.02.19"]
[Round "9.5"]
[White "Markina, Sofiia"]
[Black "Vokoun, Jan"]
[Result "0-1"]
[WhiteElo "1439"]
[BlackElo "2014"]
[PlyCount "66"]
[EventDate "2022.10.16"]
[EventType "team-tourn"]
[EventRounds "11"]
[EventCountry "CZE"]
[SourceTitle "EXT 2024"]
[Source "ChessBase"]
[SourceDate "2023.10.10"]
[SourceVersion "1"]
[SourceVersionDate "2023.10.10"]
[SourceQuality "1"]
[WhiteTeam "Aurora"]
[BlackTeam "Pankrac II"]
[WhiteTeamCountry "CZE"]
[BlackTeamCountry "CZE"]

1. e4 c5 2. Nf3 e6 3. g3 Nc6 4. Bg2 d6 5. 0-0 Nf6 6. d3 Be7 7. Nbd2 0-0 8. Re1 Qc7 9. Nf1 b5 10. h4 Bb7 11. c3 a5 12. Qe2 Rfe8 13. N3h2 b4 14. Rb1 a4 15. Ng4 a3 16. bxa3 bxc3 17. Nfh2 Nd4 18. Qf1 Nd7 19. Nf3 f5 20. Nxd4 cxd4 21. exf5 Bxg2 22. Qxg2 e5 23. Qd5+ Kh8 24. Rb7 Nb6 25. Rxb6 Qxb6 26. f6 Bf8 27. Qf7 Qa7 28. fxg7+ Bxg7 29. Qh5 Rg8 30. Bh6 Rae8 31. Re4 Re6 32. f4 Qf7 33. Bxg7+ Kxg7 0-1

[Event "Pardubice rapid op 33rd"]
[Site "Pardubice"]
[Date "2022.07.21"]
[Round "7"]
[White "Kuznecova, Marija"]
[Black "Vokoun, Jan"]
[Result "1-0"]
[WhiteElo "1755"]
[BlackElo "2056"]
[PlyCount "57"]
[EventDate "2022.07.20"]
[EventType "swiss (rapid)"]
[EventRounds "9"]
[EventCountry "CZE"]
[SourceTitle "CBM 209 Extra"]
[Source "ChessBase"]
[SourceDate "2022.09.30"]
[SourceVersion "1"]
[SourceVersionDate "2022.09.30"]
[SourceQuality "1"]

1. e4 d6 2. d4 Nf6 3. Nc3 e5 4. Nf3 Nbd7 5. Be2 c6 6. a4 a5 7. h4 Be7 8. Be3 Qc7 9. Qd2 Ng4 10. 0-0-0 Nxe3 11. Qxe3 Nb6 12. dxe5 dxe5 13. Nxe5 Qxe5 14. Qxb6 0-0 15. Bc4 Bxh4 16. g3 Be7 17. f4 Qc5 18. Qb3 Qb4 19. Qa2 Bg4 20. Rdf1 Bc5 21. Rh4 h5 22. Be2 Bd4 23. Bxg4 Bxc3 24. bxc3 Qxc3 25. Rxh5 Qxg3 26. Rfh1 Qxf4+ 27. Kb1 g6 28. Rh8+ Kg7 29. Qb2+ 1-0

[Event "Pardubice Czech op-E 33rd"]
[Site "Pardubice"]
[Date "2022.07.15"]
[Round "2.3"]
[White "Vrzal, Filip"]
[Black "Vokoun, Jan"]
[Result "1-0"]
[WhiteElo "1849"]
[BlackElo "2056"]
[PlyCount "67"]
[EventDate "2022.07.14"]
[EventType "team-swiss"]
[EventRounds "7"]
[EventCountry "CZE"]
[SourceTitle "CBM 209 Extra"]
[Source "ChessBase"]
[SourceDate "2022.09.30"]
[SourceVersion "1"]
[SourceVersionDate "2022.09.30"]
[SourceQuality "1"]
[WhiteTeam "Ladas Jungen"]
[BlackTeam "Pankrac"]
[WhiteTeamCountry "CZE"]
[BlackTeamCountry "CZE"]

1. e4 c5 2. Nf3 e6 3. d4 cxd4 4. Nxd4 a6 5. Nc3 Qc7 6. Bd3 Bd6 7. Qg4 h5 8. Qe2 Nc6 9. Nb3 b5 10. Be3 Nf6 11. h3 Ne5 12. 0-0 Nfg4 13. Bd4 Nxd3 14. cxd3 Bh2+ 15. Kh1 Be5 16. Bxe5 Nxe5 17. f4 Ng6 18. Qf2 Qa7 19. Qg3 h4 20. Qg4 Kf8 21. f5 Ne5 22. Qf4 f6 23. fxe6 d6 24. d4 Nc4 25. d5 Qe3 26. Qf5 Nxb2 27. Qg6 Ra7 28. Nd1 Nxd1 29. Rc1 Nc3 30. Rf3 Qh6 31. Qxh6 gxh6 32. Rfxc3 Bb7 33. Rc7 a5 34. Rf7+ 1-0

[Event "Prague Menchik Memorial Rapid"]
[Site "Prague"]
[Date "2022.06.05"]
[Round "7"]
[White "Vokoun, Jan"]
[Black "Pribyl, Josef"]
[Result "1/2-1/2"]
[WhiteElo "2056"]
[BlackElo "2217"]
[PlyCount "126"]
[EventDate "2022.06.05"]
[EventType "swiss (rapid)"]
[EventRounds "7"]
[EventCountry "CZE"]
[SourceTitle "CBM 208 Extra"]
[Source "ChessBase"]
[SourceDate "2022.07.31"]
[SourceVersion "1"]
[SourceVersionDate "2022.07.31"]
[SourceQuality "1"]

1. c4 e5 2. Nc3 Nc6 3. g3 Bb4 4. Nd5 Bc5 5. Bg2 d6 6. Rb1 a5 7. a3 Bf5 8. d3 Nge7 9. e3 Nxd5 10. cxd5 Ne7 11. Ne2 h5 12. h3 Qd7 13. Nc3 b5 14. b4 axb4 15. axb4 Bb6 16. Bb2 f6 17. Kd2 Kf7 18. Bf3 Bg6 19. g4 hxg4 20. hxg4 Rag8 21. Ra1 Ra8 22. Rxa8 Rxa8 23. Qb3 Kg8 24. Ra1 Rxa1 25. Bxa1 f5 26. Qd1 f4 27. Bb2 Bf7 28. Qh1 fxe3+ 29. fxe3 Bg6 30. Qh4 Qe8 31. Qg5 Qf7 32. Be2 Kf8 33. Qh4 Qf6 34. Qh8+ Ng8 35. Qh2 Be8 36. Qg2 Bd7 37. Ne4 Qh4 38. Qf2+ Qxf2 39. Nxf2 Nf6 40. Bf3 Ke7 41. Ke2 Nh7 42. Bc3 Ng5 43. Bg2 g6 44. Bd2 Be8 45. Ne4 Nxe4 46. Bxe4 Kf6 47. Bf3 Bd7 48. Kf2 g5 49. Be2 c6 50. dxc6 Bxc6 51. Bf3 d5 52. Bd1 Be8 53. Bb3 Ke6 54. Kf3 Bg6 55. e4 Kf6 56. Bxd5 Be8 57. Be3 Bd4 58. Bxd4 exd4 59. Kg3 Ke5 60. Bb3 Bd7 61. Kf3 Be8 62. Ba2 Bd7 63. Bb3 Be8 1/2-1/2

[Event "CZE-chT1W 2122"]
[Site "Czech Republic"]
[Date "2021.10.31"]
[Round "2.4"]
[White "Jacek, Martin"]
[Black "Vokoun, Jan"]
[Result "1-0"]
[WhiteElo "2089"]
[BlackElo "2060"]
[PlyCount "47"]
[EventDate "2021.10.10"]
[EventType "team-tourn"]
[EventRounds "11"]
[EventCountry "CZE"]
[SourceTitle "EXT 2023"]
[Source "ChessBase"]
[SourceDate "2022.10.05"]
[SourceVersion "1"]
[SourceVersionDate "2022.10.05"]
[SourceQuality "1"]
[WhiteTeam "Vysehrad SK Sokol"]
[BlackTeam "Pankrac"]
[WhiteTeamCountry "CZE"]
[BlackTeamCountry "CZE"]

1. e4 g6 2. d4 Bg7 3. g3 d5 4. e5 c5 5. c3 Nc6 6. Bg2 Bf5 7. Ne2 cxd4 8. cxd4 Bxb1 9. Rxb1 e6 10. h4 h5 11. 0-0 Nge7 12. Bg5 Qb6 13. Qd2 Nf5 14. Rfd1 Rc8 15. b4 a6 16. Bh3 Nce7 17. a4 Rc4 18. a5 Qa7 19. Rbc1 0-0 20. Rxc4 dxc4 21. Bf6 Bh6 22. Qc2 Rc8 23. d5 exd5 24. Bxe7 1-0

[Event "CZE-chT2A 1920"]
[Site "Czech Republic"]
[Date "2019.12.01"]
[Round "4.5"]
[White "Netusil, Miloslav"]
[Black "Vokoun, Jan"]
[Result "0-1"]
[WhiteElo "2151"]
[BlackElo "2049"]
[PlyCount "84"]
[EventDate "2019.10.13"]
[EventType "team-tourn"]
[EventRounds "11"]
[EventCountry "CZE"]
[SourceTitle "EXT 2024"]
[Source "ChessBase"]
[SourceDate "2023.10.10"]
[SourceVersion "1"]
[SourceVersionDate "2023.10.10"]
[SourceQuality "1"]
[WhiteTeam "Vysehrad II"]
[BlackTeam "Pankrac II"]
[WhiteTeamCountry "CZE"]
[BlackTeamCountry "CZE"]

1. d4 d6 2. Nf3 Nd7 3. c4 e5 4. Nc3 Ngf6 5. e4 g6 6. Be2 Bg7 7. 0-0 0-0 8. Re1 h6 9. h3 exd4 10. Nxd4 Nc5 11. Bf3 a5 12. Be3 Re8 13. Qc2 Nh7 14. Rad1 Ng5 15. Bxg5 hxg5 16. Nb3 Nd7 17. Re3 Be5 18. g3 c6 19. Bg2 Qf6 20. Ne2 Bxb2 21. f4 Ba3 22. Kh2 a4 23. Nd2 Bc5 24. Rf3 Nf8 25. e5 Bf5 26. Qc3 Qh8 27. g4 Bxg4 28. Ne4 Nd7 29. Nxd6 Bxd6 30. Rxd6 Bxf3 31. Bxf3 Nf8 32. Ng3 gxf4 33. Ne4 Qxe5 34. Qd2 Re6 35. Rd3 Kg7 36. c5 Nh7 37. h4 a3 38. Qg2 Ra4 39. Nf2 Nf6 40. Rb3 Re7 41. Rb1 Ra8 42. h5 Rh8 0-1

[Event "Olomouc IM1 22nd"]
[Site "Olomouc"]
[Date "2019.08.12"]
[Round "4"]
[White "Malisov, Boris"]
[Black "Vokoun, Jan"]
[Result "1/2-1/2"]
[WhiteElo "2271"]
[BlackElo "2082"]
[PlyCount "46"]
[EventDate "2019.08.10"]
[EventType "tourn"]
[EventRounds "9"]
[EventCountry "CZE"]
[SourceTitle "CBM 191 Extra"]
[Source "ChessBase"]
[SourceDate "2019.09.30"]
[SourceVersion "1"]
[SourceVersionDate "2019.09.30"]
[SourceQuality "1"]

1. e4 g6 2. d4 Bg7 3. Nf3 c6 4. Nc3 d6 5. Be3 Nd7 6. Qd2 b5 7. Bd3 Bb7 8. 0-0 Qc7 9. Rfe1 a6 10. h3 e5 11. dxe5 dxe5 12. a4 Ngf6 13. Bh6 0-0 14. Bxg7 Kxg7 15. Qe3 h6 16. Nd2 Rfd8 17. axb5 cxb5 18. Nb3 Rac8 19. f3 Nb6 20. Na5 Ba8 21. Red1 Nfd7 22. Nb3 Bb7 23. Na5 Ba8 1/2-1/2

[Event "Olomouc IM1 22nd"]
[Site "Olomouc"]
[Date "2019.08.11"]
[Round "3"]
[White "Vokoun, Jan"]
[Black "Singh, S Vikramjit"]
[Result "0-1"]
[WhiteElo "2082"]
[BlackElo "2185"]
[PlyCount "100"]
[EventDate "2019.08.10"]
[EventType "tourn"]
[EventRounds "9"]
[EventCountry "CZE"]
[SourceTitle "CBM 191 Extra"]
[Source "ChessBase"]
[SourceDate "2019.09.30"]
[SourceVersion "1"]
[SourceVersionDate "2019.09.30"]
[SourceQuality "1"]

1. Nf3 Nf6 2. c4 g6 3. g3 Bg7 4. Bg2 0-0 5. 0-0 d6 6. d4 Nbd7 7. Nc3 e5 8. Qc2 Re8 9. Rd1 c6 10. b3 a6 11. Rb1 e4 12. Ne1 d5 13. e3 b5 14. Bd2 Nf8 15. cxd5 cxd5 16. Rdc1 Bf5 17. Ne2 Bg4 18. Bf1 Qd7 19. Qc7 Qf5 20. Bb4 g5 21. a4 Bh3 22. Ng2 a5 23. Be1 b4 24. Rc6 Ne6 25. Qe5 Qxe5 26. dxe5 Ng4 27. Rd6 Red8 28. Bd2 Nxe5 29. Rxd8+ Rxd8 30. Ne1 Bxf1 31. Kxf1 Rc8 32. Ng1 g4 33. Ne2 Nf3 34. Nxf3 gxf3 35. Nf4 Nxf4 36. gxf4 Rc2 37. Ke1 Bc3 38. Rd1 Rxd2 39. Rxd2 Kg7 40. Kd1 Bxd2 41. Kxd2 Kf6 42. Ke1 Ke6 43. Kd2 Kd6 44. Kc2 Ke6 45. Kd2 Kd7 46. Kc2 Kc6 47. Kd2 Kd6 48. Ke1 Kc5 49. Kd2 d4 50. Ke1 d3 0-1

[Event "Olomouc IM1 22nd"]
[Site "Olomouc"]
[Date "2019.08.11"]
[Round "2"]
[White "Wiley, Tom E"]
[Black "Vokoun, Jan"]
[Result "1/2-1/2"]
[WhiteElo "2124"]
[BlackElo "2082"]
[PlyCount "49"]
[EventDate "2019.08.10"]
[EventType "tourn"]
[EventRounds "9"]
[EventCountry "CZE"]
[SourceTitle "CBM 191 Extra"]
[Source "ChessBase"]
[SourceDate "2019.09.30"]
[SourceVersion "1"]
[SourceVersionDate "2019.09.30"]
[SourceQuality "1"]

1. d4 d6 2. c4 e5 3. Nc3 Nd7 4. e4 Ngf6 5. d5 g6 6. Be3 Bg7 7. f3 Nh5 8. Qd2 f5 9. 0-0-0 f4 10. Bf2 a6 11. Kb1 0-0 12. Nge2 g5 13. Nc1 Rf7 14. b4 b6 15. Nb3 Bf8 16. Be2 Ndf6 17. h3 h6 18. Rc1 Ng3 19. Rhd1 Nxe2 20. Qxe2 a5 21. bxa5 bxa5 22. a4 Qe8 23. Nb5 c6 24. dxc6 Qxc6 25. Qd3 1/2-1/2

[Event "Olomouc IM1 22nd"]
[Site "Olomouc"]
[Date "2019.08.10"]
[Round "1"]
[White "Vokoun, Jan"]
[Black "Kula, Dominik"]
[Result "0-1"]
[WhiteElo "2082"]
[BlackElo "2219"]
[PlyCount "118"]
[EventDate "2019.08.10"]
[EventType "tourn"]
[EventRounds "9"]
[EventCountry "CZE"]
[SourceTitle "CBM 191 Extra"]
[Source "ChessBase"]
[SourceDate "2019.09.30"]
[SourceVersion "1"]
[SourceVersionDate "2019.09.30"]
[SourceQuality "1"]

1. e4 c5 2. Be2 Nc6 3. f4 d5 4. d3 dxe4 5. dxe4 Qxd1+ 6. Bxd1 b6 7. c3 Bb7 8. Nf3 g6 9. 0-0 Bg7 10. Bb3 Na5 11. Ba4+ Bc6 12. Bxc6+ Nxc6 13. Nbd2 Nf6 14. Re1 0-0 15. h3 Rfd8 16. g4 b5 17. Kf2 b4 18. e5 Nd5 19. Ne4 c4 20. Be3 f6 21. exf6 Bxf6 22. Rac1 Rab8 23. Re2 bxc3 24. bxc3 a5 25. Rcc2 a4 26. Bc1 Bg7 27. f5 gxf5 28. gxf5 Rf8 29. Nh4 e6 30. Ba3 Nce7 31. Nd6 Bf6 32. Ng2 exf5 33. Nxc4 Rfc8 34. Nd6 Rxc3 35. Rxc3 Nxc3 36. Rc2 Rd8 37. Kf3 Be5 38. Ne3 Nb1 39. Rg2+ Kf8 40. Nb7 Rd3 41. Nc5 Nd2+ 42. Ke2 Rxa3 43. Nd7+ Ke8 44. Nxe5 Ne4 45. Kf3 Nf6 46. N5c4 Rc3 47. Kf4 Nfd5+ 48. Nxd5 Rxc4+ 49. Ke5 Re4+ 50. Kd6 Rd4 51. Ke6 Rxd5 52. Rg7 Rd7 53. Rxh7 Kd8 54. h4 f4 55. Rf7 f3 56. Rxf3 Nc6 57. Ra3 Rd4 58. Rh3 Ke8 59. h5 Kf8 0-1

[Event "Pardubice op rapid 30th"]
[Site "Pardubice"]
[Date "2019.07.19"]
[Round "9"]
[White "Vokoun, Jan"]
[Black "Retinsky, Vladimir"]
[Result "1-0"]
[WhiteElo "2072"]
[BlackElo "2343"]
[PlyCount "107"]
[EventDate "2019.07.17"]
[EventType "swiss (rapid)"]
[EventRounds "9"]
[EventCountry "CZE"]
[SourceTitle "CBM 191 Extra"]
[Source "ChessBase"]
[SourceDate "2019.09.30"]
[SourceVersion "1"]
[SourceVersionDate "2019.09.30"]
[SourceQuality "1"]

1. Nf3 d5 2. g3 Nf6 3. Bg2 c6 4. 0-0 Bf5 5. d3 e6 6. Nbd2 Be7 7. Qe1 h6 8. e4 Bh7 9. Qe2 0-0 10. b3 a5 11. a4 Na6 12. Bb2 Nb4 13. Rfc1 Nd7 14. Ne1 Bf6 15. e5 Be7 16. c3 Na6 17. f4 c5 18. Kh1 Rc8 19. Nef3 Ndb8 20. Nf1 Nc6 21. g4 Qd7 22. Ng3 c4 23. bxc4 dxc4 24. d4 Nc7 25. Ba3 Bd3 26. Qd2 Bxa3 27. Rxa3 f6 28. exf6 Rxf6 29. g5 hxg5 30. fxg5 Rf7 31. Nh4 Nd5 32. g6 Rff8 33. Qg5 Nf4 34. Re1 Qe7 35. Qxe7 Nxe7 36. Bxb7 Rb8 37. Be4 Bxe4+ 38. Nxe4 Nexg6 39. Nxg6 Nxg6 40. Ra2 Nf4 41. Nc5 Rf6 42. Nd7 Rb3 43. Nxf6+ gxf6 44. Rf2 Nd3 45. Rg1+ Kf7 46. Rc2 Nf4 47. h4 Nd5 48. Rg3 Ra3 49. h5 Rb3 50. h6 Rb8 51. Rg7+ Kf8 52. Rcg2 Ne7 53. h7 Rb1+ 54. Kh2 1-0

[Event "Prague Zita Memorial"]
[Site "Prague"]
[Date "2019.06.28"]
[Round "8"]
[White "Semenova, Elena"]
[Black "Vokoun, Jan"]
[Result "1-0"]
[WhiteElo "2255"]
[BlackElo "2072"]
[PlyCount "69"]
[EventDate "2019.06.22"]
[EventType "tourn"]
[EventRounds "9"]
[EventCountry "CZE"]
[SourceTitle "CBM 191 Extra"]
[Source "ChessBase"]
[SourceDate "2019.09.30"]
[SourceVersion "1"]
[SourceVersionDate "2019.09.30"]
[SourceQuality "1"]

1. e4 c5 2. Nf3 e6 3. d4 cxd4 4. Nxd4 Nf6 5. Nc3 d6 6. Bd3 a6 7. a4 Qc7 8. f4 Nc6 9. Nf3 Be7 10. Qe2 e5 11. 0-0 Bg4 12. Qf2 exf4 13. Bxf4 0-0 14. Kh1 Nb4 15. Nd4 Qc5 16. Rae1 Bd7 17. h3 Nh5 18. Bh2 Rad8 19. e5 Nxd3 20. cxd3 g6 21. exd6 Bf6 22. Nf3 Qxf2 23. Rxf2 Bg7 24. Ng5 Rfe8 25. Rfe2 Rxe2 26. Rxe2 Bf8 27. Nce4 Bc6 28. Rf2 Rd7 29. Nc5 Rxd6 30. Bxd6 Bxd6 31. Nce4 Be5 32. Nf3 Bc7 33. Rc2 f5 34. Nc5 Nf4 35. Nxb7 1-0

[Event "Prague op"]
[Site "Prague"]
[Date "2019.03.10"]
[Round "3"]
[White "Ivanov, Mikhail M"]
[Black "Vokoun, Jan"]
[Result "1-0"]
[WhiteElo "2383"]
[BlackElo "2121"]
[PlyCount "61"]
[EventDate "2019.03.09"]
[EventType "swiss"]
[EventRounds "9"]
[EventCountry "CZE"]
[SourceTitle "CBM 189 Extra"]
[Source "ChessBase"]
[SourceDate "2019.06.03"]
[SourceVersion "1"]
[SourceVersionDate "2019.06.03"]
[SourceQuality "1"]

1. d4 Nf6 2. c4 b6 3. Nc3 Bb7 4. Qc2 e6 5. e4 Bb4 6. Bd3 Nc6 7. Nf3 Be7 8. a3 d6 9. 0-0 e5 10. d5 Nb8 11. b4 0-0 12. h3 Ne8 13. Be3 Nd7 14. Na4 c5 15. dxc6 Bxc6 16. Nc3 g6 17. Nd5 Ng7 18. Qb3 Kh8 19. Bh6 f5 20. Rfe1 Bxd5 21. cxd5 Rf7 22. Rac1 fxe4 23. Bxg7+ Kxg7 24. Bxe4 h6 25. Rc6 Nf6 26. Qc2 Nxe4 27. Rxe4 g5 28. Nd2 Rf4 29. Nf1 h5 30. Ng3 Kh6 31. Rxe5 1-0